00308nam a2200121Ia 4500008004100000082001600041100001700057245003400074260003200108300000900140650001800149700001900167191201s2018 xx 000 0 und d a615.321 GOP aGOKHALE, SB  0aPharmacognosy of Animal drugs bNirali PubaNew delhic2018 aMISC aPharmacognosy a KALASKAR, M.G